| 000 | 00379 a2200169 4500 | ||
|---|---|---|---|
| 001 | 187331 | ||
| 020 | _a987-85-209-1767-1 | ||
| 040 | _cMagnum | ||
| 100 | _aHosseini, Klaled | ||
| 240 | 1 | 0 |
_aO caçador de pipas _lpor |
| 245 | 1 | 0 | _aO caçador de pipas |
| 300 | _a365 | ||
| 362 | 0 | _a2005 | |
| 440 | 1 | _aNova Fronteira | |
| 697 | _aLITERATURA GERAL ESTRANGEIRA | ||
| 942 | _cBK | ||
| 999 |
_c187331 _d187331 |
||